El villorrio / (Record no. 62041)

MARC details
000 -LEADER
campo de control de longitud fija 00723nam a2200229 i 4500
001 - NÚMERO DE CONTROL
campo de control 62041
003 - IDENTIFICADOR DE NÚMERO DE CONTROL
campo de control ES-MaACL
005 - FECHA Y HORA DE LA ÚLTIMA TRANSACCIÓN
campo de control 20251018063047.0
007 - CAMPO FIJO DE DESCRIPCIÓN FÍSICA--INFORMACIÓN GENERAL
campo de control de longitud fija t|
008 - DATOS DE LONGITUD FIJA--INFORMACIÓN GENERAL
campo de control de longitud fija 031117s1953 sp ||||1| spa d
100 1# - ENTRADA PRINCIPAL--NOMBRE DE PERSONA
Nombre de persona Faulkner, William,
Fechas asociadas al nombre 1897-1962
9 (RLIN) 242365
245 13 - MENCIÓN DEL TÍTULO
Título El villorrio /
Mención de responsabilidad, etc. William Faulkner ; [traducción por J. Napoletano Torre y P. Carbó Amiguet].
250 ## - MENCION DE EDICION
Mención de edición [1ª ed.].
260 ## - PUBLICACIÓN, DISTRIBUCIÓN, ETC.
Lugar de publicación, distribución, etc. Barcelona :
Nombre del editor, distribuidor, etc. Luis de Caralt,
Fecha de publicación, distribución, etc. [1953] (
Fabricante S.G. de publicaciones)
300 ## - DESCRIPCIÓN FÍSICA
Extensión 283 p. ;
Dimensiones 20 cm.
490 1# - MENCIÓN DE SERIE
Mención de serie Gigante
700 1# - ENTRADA AGREGADA--NOMBRE PERSONAL
Nombre de persona Napoletano Torre, J.
9 (RLIN) 84915
700 1# - ENTRADA AGREGADA--NOMBRE PERSONAL
Nombre de persona Carbó Amiguet, P.
9 (RLIN) 35020
830 0# - PUNTO DE ACCESO ADICIONAL DE SERIE-TÍTULO UNIFORME
Título uniforme Gigante
9 (RLIN) 181050
852 ## - LOCALIZACIÓN
Ubicación ES-MaACL
Número de control de estantería D-9157
Sublocalización o colección R.34258
Holdings
Estatus retirado Estado de pérdida Estado de daño No para préstamo Biblioteca de origen Biblioteca actual Ubicación en estantería Fecha de adquisición Fuente de adquisición Total de préstamos Signatura topográfica completa Código de barras Visto por última vez Precio de reemplazo Tipo de ítem Koha
        Biblioteca del Ateneo de Madrid Biblioteca del Ateneo de Madrid Sala Valle Inclán 17/01/2008     D-9157 901065047 23/02/2023 23/02/2023 Libro impreso